Vybrané údaje o regiónoch v Slovenskej republike za 1. polrok 2003

Na minha lista:
Detalhes bibliográficos
Formato: Livro
Idioma:eslovaco
inglês
Publicado em: Bratislava Štatistický úrad Slovenskej republiky 2003
Tags: Adicionar Tag
Sem tags, seja o primeiro a adicionar uma tag!

MARC

LEADER 00000nam$a2200000$$$4500
001 0001573
005 20260211104601.7
041 0 |a slo 
041 0 |a eng 
044 |a SK 
245 1 0 |a Vybrané údaje o regiónoch v Slovenskej republike za 1. polrok 2003 
264 1 |a Bratislava  |b Štatistický úrad Slovenskej republiky  |c 2003 
300 |a 70 s.